مكتبة جامعة عجلون الوطنية

فهرس بحث المكتبة

Normal view MARC view
  • سيدات الاعمال - المرأة في الحياة العامة - المرأة في البطولات القتالية

Entry Topical Term

Number of records used in: 1

001 - CONTROL NUMBER

  • control field: 39924

003 - CONTROL NUMBER IDENTIFIER

  • control field: JO-AjAnu

005 - DATE AND TIME OF LATEST TRANSACTION

  • control field: 20230606080633.0

008 - FIXED-LENGTH DATA ELEMENTS

  • fixed length control field: 230606|| aca||aabn | a|a d

040 ## - CATALOGING SOURCE

  • Original cataloging agency: JO-AjAnu
  • Transcribing agency: JO-AjAnu

150 ## - HEADING--TOPICAL TERM

  • Topical term or geographic name entry element: سيدات الاعمال - المرأة في الحياة العامة - المرأة في البطولات القتالية

670 ## - SOURCE DATA FOUND

  • Source citation: Work cat.: (JO-AjAnu)20469: وتر، محمد ضاهر, author 39923, مكانة المراة في الشؤون الادارية والبطولات القتالية